La selva de los símbolos : (Record no. 53151)
[ view plain ]
| 000 -CABECERA | |
|---|---|
| campo de control de longitud fija | 00785nam a2200253 a 4500 |
| 003 - IDENTIFICADOR DEL NÚMERO DE CONTROL | |
| campo de control | MX-MxUPN |
| 005 - FECHA Y HORA DE LA ÚLTIMA TRANSACCIÓN | |
| campo de control | 20240424063734.0 |
| 008 - ELEMENTOS DE LONGITUD FIJA--INFORMACIÓN GENERAL | |
| campo de control de longitud fija | 991125s1990 sp 000 0 spa d |
| 020 ## - NÚMERO INTERNACIONAL NORMALIZADO PARA LIBROS | |
| Número Internacional Estándar del Libro | 8432303895 |
| 035 ## - NÚMERO DE CONTROL DEL SISTEMA | |
| Número de control de sistema | UPN01000053151 |
| 040 ## - FUENTE DE LA CATALOGACIÓN | |
| Centro catalogador/agencia de origen | MX-MxUPN |
| Lengua de catalogación | spa |
| Centro/agencia transcriptor | MX-MxUPN |
| 041 1# - CÓDIGO DE IDIOMA | |
| Código de lengua del texto/banda sonora o título independiente | spa |
| Código de lengua original | eng |
| 050 #4 - SIGNATURA TOPOGRÁFICA DE LA BIBLIOTECA DEL CONGRESO | |
| Número de clasificación | GN473 |
| Número de documento/Ítem | T878 1990 |
| 100 1# - ASIENTO PRINCIPAL--NOMBRE PERSONAL | |
| Nombre de persona | Turner, Victor W. |
| Forma completa/desarrollada del nombre | (Victor Witter), |
| Fechas asociadas al nombre | 1920-1983 |
| 9 (RLIN) | 51689 |
| 245 13 - MENCIÓN DE TÍTULO | |
| Título | La selva de los símbolos : |
| Resto del título | aspectos del ritual ndembu |
| 250 ## - MENCIÓN DE EDICIÓN | |
| Mención de edición | Segunda edición. |
| 260 ## - PUBLICACIÓN, DISTRIBUCIÓN, ETC. | |
| Lugar de publicación, distribución, etc. | Madrid : |
| Nombre del editor, distribuidor, etc. | Siglo XXI, |
| Fecha de publicación, distribución, etc. | 1990 |
| 300 ## - DESCRIPCIÓN FÍSICA | |
| Extensión | 455 páginas : |
| Otras características físicas | ilustraciones |
| 490 0# - MENCIÓN DE SERIE | |
| Mención de serie | Antropología |
| 500 ## - NOTA GENERAL | |
| Nota general | Traducción de: The forest of symbols. Aspects of Ndembu ritual. |
| 650 #4 - ASIENTO SECUNDARIO DE MATERIA - TERMINO TEMATICO | |
| Término de materia o nombre geográfico como elemento de entrada | Ritualismo |
| 9 (RLIN) | 21915 |
| 650 #4 - ASIENTO SECUNDARIO DE MATERIA - TERMINO TEMATICO | |
| Término de materia o nombre geográfico como elemento de entrada | Simbolismo |
| 9 (RLIN) | 15951 |
| 942 ## - ELEMENTOS DE PUNTO DE ACCESO ADICIONAL (KOHA) | |
| Fuente del sistema de clasificación o colocación | Library of Congress Classification |
| Tipo de ítem Koha | Libro |
| Estado de retiro | Estado de pérdida | Fuente del sistema de clasificación o colocación | Estado dañado | No para préstamo | Código de colección | Localización permanente | Ubicación/localización actual | Ubicación en estantería | Fecha de adquisición | Total de préstamos | Clasificación | Código de barras | Fecha visto por última vez | Número de copia | Tipo de ítem Koha | Nota pública |
|---|---|---|---|---|---|---|---|---|---|---|---|---|---|---|---|---|
| Library of Congress Classification | Colección General | Bib. Gregorio Torres Quintero | Bib. Gregorio Torres Quintero | Planta baja | 23/04/2024 | 13 | GN473 T878 1990 | 120905 | 31/12/2020 | Ej.2 | Libro | |||||
| Library of Congress Classification | Colección General | Bib. Gregorio Torres Quintero | Bib. Gregorio Torres Quintero | Planta baja | 25/07/2022 | 10 | GN473 T878 1990 | 120904 | 25/07/2022 | Libro | Ejemplar con sello del Sistema de Bibliotecas para la Formación y Actualización de Docentes |
